000 00680nam a2200229 a 4500
001 13582
003 BD-JhCC
005 20240302090642.0
008 240229b2016 bg |||| ||a 000 0 ben d
020 _a9847012004890
035 _a(BD-JhCC)13582
040 _aBD-JhCC
_dBD-JhCC
041 _aBengali
082 _a891.443
_bRAS 2016
100 _aরাশদী,আন্দালিব
245 _aকঙ্কাবতীর র্থাডফ্লোর /
_cআন্দালিব রাশদী ।
260 _aঢাকা:
_bকথা প্রকাশ;
_c2016.
300 _a96 p. :
_c22 cm
650 _aBengali Novel
942 _2ddc
_cBK
999 _c13582
_d13582